Pick the Right Character - Statistics

General Stats
  • This quiz has been taken 13 times
  • The average score is 13 of 15
Answer Stats
Question Answer % Correct
Mickey Mouse
100%
Mario
100%
Thor
100%
Pegasus
100%
Hagrid
100%
Donkey Kong
100%
Bowser
92%
Luke Skywalker
92%
Jeppy
83%
Nick Wilde
83%
Hades
75%
Samwise Gamgee
67%
Gandalf
67%
Goomba
67%
Tom Riddle
58%
No matching quizzes found
Score Distribution
Percent of People with Each Score
Percentile by Number Answered
Your Score History
You have not taken this quiz